000 00655nam a22001817a 4500
003 UA-OsUOA
001 19398
007 ta
008 20040812b un ||||| |||| 00| 0 ukr d
100 _aДемя"нчук О.
942 _cSA
040 _aUA-OsUOA
_cUA-OsUOA
_dUA-OsUOA
245 _aВишивання - справа рук... чоловічих
_b[Про вишивальника картин з Рівного А.Віннічука]
_cО. Демя"нчук; О. Дем"нчук
300 _aС.4
955 _a0
773 0 _w0
_tВісті Рівненщини
_dРівне
_d2004
_g№73/11 серп./
650 7 _aВишивання
_2UDC
999 _c305569
_d305569